Bibliografía vivienda social en Iberoamérica
Wedi'i Gadw mewn:
| Prif Awdur: | |
|---|---|
| Fformat: | Llyfr |
| Iaith: | Sbaeneg |
| Cyhoeddwyd: |
Santiago
CYTED
2003
Santiago HABYTED 2003 |
| Pynciau: | |
| Tagiau: |
Ychwanegu Tag
Dim Tagiau, Byddwch y cyntaf i dagio'r cofnod hwn!
|
MARC
| LEADER | 00000nam a2200000 a 4500 | ||
|---|---|---|---|
| 001 | UCL5535 | ||
| 003 | CL-VaPUC | ||
| 008 | 040312e20030000cl |||||||||||||||||spa|d | ||
| 020 | |a 9562919455 | ||
| 082 | 0 | 4 | |a 011.7 |b SEP |2 21 |
| 100 | 0 | |a Sepúlveda Ocampo, Rubén |e author |9 483245 | |
| 245 | 1 | 0 | |a Bibliografía vivienda social en Iberoamérica |
| 300 | |a 395 p | ||
| 942 | |c BK | ||
| 945 | |d 20040312 00:00:00 |a cmena | ||
| 260 | |a Santiago |b CYTED |c 2003 | ||
| 260 | |a Santiago |b HABYTED |c 2003 | ||
| 650 | 0 | |a Viviendas sociales |9 266841 | |
| 650 | 0 | |a Bibliografías |9 257071 | |
| 583 | |a last modification |c 20171010 09:55:51 |k Rodrigo Vera | ||
| 999 | |c 308060 |d 308058 | ||
| 952 | |0 0 |1 0 |4 0 |6 011_700000000000000_SEP_2003_2003 |7 0 |8 P |9 374291 |a BIBARQ |b BIBARQ |d 2019-11-21 |i 3974820 |o 011.7 SEP 2003 2003 |p 3974820 |r 2025-01-20 |w 2019-11-21 |y BK |k ARQ | ||